| 000 | 00491nam a2200169 a 4500 | ||
|---|---|---|---|
| 005 | 20140412111248.0 | ||
| 008 | 020515s19uu xx 00 eng d | ||
| 020 | _a0-307-00301-9 | ||
| 050 |
_aER _bTi43 1989 |
||
| 100 | _aGoodman, Joan Elizabeth | ||
| 245 |
_aTime for bed / _cstory and pictures by Joan Elizabeth Goodman. |
||
| 260 |
_aNew York : _bA Golden Book, _c1989. |
||
| 300 | _a1 v. (unp.) ; ill. | ||
| 650 |
_aKittens _xFiction |
||
| 650 |
_aBed time _xFiction |
||
| 999 |
_c103035 _d103035 |
||